000 00326nam a22001457a 4500
003 SGT
020 _a9789366164939
082 _a617.5
_bM25G
100 _aGupta, Hemant
245 _aMastering the BDS III Year
250 _a12th Ed.
260 _aDelhi, India
_bJaypee Publishers
_c2025
300 _a928
942 _2ddc
_cBK
999 _c32800
_d32800